000 00349nam a2200133Ia 4500
008 151001s9999||||xx |||||||||||||| ||und||
100 _aW. J. Perry
245 4 _aThe growth of civiliztion
250 _a1
260 _bPenguin Books
260 _c1937
300 _a243
365 _b-
999 _c950438
_d950435